| 000 | 00757nam a22001697a 4500 | ||
|---|---|---|---|
| 003 | OSt | ||
| 005 | 20251215155111.0 | ||
| 008 | 251215b |||||||| |||| 00| 0 eng d | ||
| 040 | _cDCL | ||
| 082 | _a၂၉၄.၃၈၂၄ | ||
| 100 | 0 | _aဓမ္မရက္ခိတ၊ ဒေါက်တာ- | |
| 245 | 1 | 0 |
_aမြတ်ဗုဒ္ဓ၏ အသုံးချအဘိဓမ္မာ / _cဒေါက်တာဓမ္မရက္ခိတ။ |
| 264 |
_aရန်ကုန် ၊ _bပေါက်စေတီကျောင်းတိုက်၊ _c၁၉၉၇။ |
||
| 300 |
_a၁၁၄ စာမျက်နှာ ၊ _c၁၈ စင်တီ။ |
||
| 650 | _aအဘိဓမ္မာ။ | ||
| 942 |
_2ddc _cSHORT TERM _n0 |
||
| 999 |
_c2719 _d2719 |
||